Score 0/80 Timer 03:00
0 Plays Today
Hint Answer % Correct
Seasons of the YearWinter
99.4%
Seasons of the YearSummer
99.2%
Seasons of the YearSpring
99%
Seasons of the YearFall
98.1%
Playing Card SuitsHearts
97.4%
Playing Card SuitsSpades
96.9%
Playing Card SuitsDiamonds
95.5%
Cardinal DirectionsNorth
95.4%
Cardinal DirectionsSouth
95.1%
Cardinal DirectionsEast
94.7%
Cardinal DirectionsWest
93.4%
Playing Card SuitsClubs
92.8%
Faces on Mt. RushmoreGeorge Washington
92.4%
New Testament GospelsJohn
90.3%
The BeatlesJohn Lennon
89.8%
Mathematical OperationsAddition
89.7%
Faces on Mt. RushmoreAbraham Lincoln
89.7%
States of MatterLiquid
89.5%
Mathematical OperationsDivision
89.2%
States of MatterSolid
89.1%
The BeatlesRingo Starr
88.1%
States of MatterGas
87.7%
Mathematical OperationsSubtraction
86.7%
New Testament GospelsLuke
85.4%
Mathematical OperationsMultiplication
84.3%
Basic Food GroupsFruits & Vegetables
84.3%
Faces on Mt. RushmoreTheodore Roosevelt
84%
The BeatlesPaul McCartney
83.8%
Sections of an OrchestraPercussion
83.3%
New Testament GospelsMark
81.9%
Basic Food GroupsMeats
81.8%
Sections of an OrchestraBrass
81.7%
Teenage Mutant Ninja TurtlesLeonardo
81.1%
Sections of an OrchestraStrings
78.2%
Teenage Mutant Ninja TurtlesDonatello
77.8%
'Four Corners' StatesColorado
76.7%
New Testament GospelsMatthew
75.5%
The BeatlesGeorge Harrison
75.3%
'Four Corners' StatesNew Mexico
74.5%
Basic Food GroupsGrains
73.5%
Hint Answer % Correct
'Four Corners' StatesArizona
72.7%
Classical ElementsAir
71.8%
Classical ElementsWater
71.1%
Faces on Mt. RushmoreThomas Jefferson
69.6%
Teenage Mutant Ninja TurtlesMichelangelo
69.4%
Classical ElementsFire
69.4%
The Marx BrothersGroucho
67.3%
'Four Corners' StatesUtah
66.9%
Classical ElementsEarth
63.7%
Sections of an OrchestraWoodwinds
63.1%
Sex & The City GalsCarrie Bradshaw
62.1%
Basic Food GroupsDairy
62.1%
Teenage Mutant Ninja TurtlesRaphael
59.5%
States of MatterPlasma
55.9%
The Marx BrothersHarpo
54.5%
Sex & The City GalsSamantha Jones
54.4%
Horsemen of the ApocalypseDeath
50.7%
The Fantastic FourThe Thing
48.7%
Fundamental ForcesGravitation
48.3%
Horsemen of the ApocalypseFamine
42.4%
Sex & The City GalsMiranda Hobbes
41.3%
The Marx BrothersZeppo
40.9%
The Fantastic FourInvisible Woman
40.3%
The Fantastic FourMr. Fantastic
37.7%
The MonkeesDavy Jones
34.2%
Horsemen of the ApocalypsePestilence
33.8%
The Fantastic FourHuman Torch
30.5%
Sex & The City GalsCharlotte York
30.4%
Horsemen of the ApocalypseWar
25.1%
The Marx BrothersChico
24%
The MonkeesPeter Tork
21.3%
Tarot Card SuitsSwords
20%
Fundamental ForcesStrong
19%
Fundamental ForcesWeak
18.7%
Tarot Card SuitsCups
17.9%
The MonkeesMicky Dolenz
17.4%
Fundamental ForcesElectromagnetic
13.1%
The MonkeesMichael Nesmith
12.7%
Tarot Card SuitsWands
9.6%
Tarot Card SuitsPentacles
6.2%
Remove Ads.
Support Sporcle.
Get the best of Sporcle when you Go Orange. This ad-free experience offers more features, more stats, and more fun while also helping to support Sporcle. Thank you for becoming a member.

You're not logged in!

Compare scores with friends on all Sporcle quizzes.
OR
Log In

Show Comments

Extras

Top Quizzes Today


Score Distribution

Your Account Isn't Verified!

In order to create a playlist on Sporcle, you need to verify the email address you used during registration. Go to your Sporcle Settings to finish the process.

Report this User

Report this user for behavior that violates our Community Guidelines.

Details: